The Use of phosphate solubilizing bacteria to improve rubber growth (Record no. 71137)

MARC details
000 -LEADER
fixed length control field 00585nam a2200181Ia 4500
100 ## - MAIN ENTRY--AUTHOR NAME
Personal name Hidayati Umi
245 #4 - TITLE STATEMENT
Title The Use of phosphate solubilizing bacteria to improve rubber growth
260 ## - PUBLICATION, DISTRIBUTION, ETC. (IMPRINT)
Name of publisher IRRDB Natural Rubber Conference 2008, 13-15 October 2008, Kuala Lumpur, Malaysia: Abstract of papers
500 ## - GENERAL NOTE
General note Source Year: 2008
650 ## - SUBJECT ADDED ENTRY--TOPICAL TERM
Topical Term Fertilizer
650 ## - SUBJECT ADDED ENTRY--TOPICAL TERM
Topical Term Phosphate solubilizing bacteria
650 ## - SUBJECT ADDED ENTRY--TOPICAL TERM
Topical Term Production input
650 ## - SUBJECT ADDED ENTRY--TOPICAL TERM
Topical Term Rubber growth
700 ## - ADDED ENTRY--PERSONAL NAME
Personal name Wijaya Thomas
856 ## - ELECTRONIC LOCATION AND ACCESS
Uniform Resource Identifier Abst only
942 ## - ADDED ENTRY ELEMENTS (KOHA)
Koha item type Journals
Holdings
Withdrawn status Lost status Damaged status Not for loan Home library Current library Shelving location Date acquired Koha item type
      Journals RRII Library RRII Library Agronomy 28/01/2009 Journals